Promoting e-learning and taking progress e-tests within self-study

Na minha lista:
Detalhes bibliográficos
Autor principal: Hrdličková, Zuzana
Formato: Capítulo de Livro
Idioma:inglês
Tags: Adicionar Tag
Sem tags, seja o primeiro a adicionar uma tag!

MARC

LEADER 00000nla a2200000 4500
001 0179702
005 20240502073044.3
041 0 |a eng 
044 |a SK 
245 1 0 |a Promoting e-learning and taking progress e-tests within self-study  |c Zuzana Hrdličková 
100 1 |a Hrdličková, Zuzana